KOHA-Header-6

Morality In Practice (Record no. 8374)

000 -LEADER
fixed length control field 00261nam a2200109Ia 4500
100 ## - MAIN ENTRY--AUTHOR NAME
Personal name James P. Sterba
245 #0 - TITLE STATEMENT
Title Morality In Practice
260 ## - PUBLICATION, DISTRIBUTION, ETC. (IMPRINT)
Place of publication New Delhi
Name of publisher McGraw Hill
Year of publication 2001
300 ## - PHYSICAL DESCRIPTION
Number of Pages 784
942 ## - ADDED ENTRY ELEMENTS (KOHA)
Koha item type Books
Holdings
Withdrawn status Lost status Collection code Permanent Location Current Location Shelving location Date acquired Full call number Accession Number Koha item type
    Management MAJU MAJU   2019-09-14 813.4 3055 Management

Powered by Koha